Olympijské hry jakožto booster nejen lokální ekonomiky
Olympijské hry sú jednou z najväčších svetových športovo-kultúrnych udalostí. Ich usporiadanie je spojené nielen so špičkovými športovými výkonmi a umeleckými vystúpeniami, ale aj s rozvojom lokálnej ekonomiky, ktorá práve vďaka usporiadaniu zažíva mnohokrát doslova boom. Sú hry ako také ziskové? Do...
Saved in:
| Main Author: | |
|---|---|
| Format: | Book Chapter |
| Language: | Czech |
| Subjects: | |
| Tags: |
No Tags, Be the first to tag this record!
|
MARC
| LEADER | 00000naa a2200000 4500 | ||
|---|---|---|---|
| 001 | 0304582 | ||
| 005 | 20241113101628.2 | ||
| 041 | 0 | |a cze | |
| 044 | |a CZ | ||
| 245 | 1 | 0 | |a Olympijské hry jakožto booster nejen lokální ekonomiky |c Martina Sobková |
| 520 | |a Olympijské hry sú jednou z najväčších svetových športovo-kultúrnych udalostí. Ich usporiadanie je spojené nielen so špičkovými športovými výkonmi a umeleckými vystúpeniami, ale aj s rozvojom lokálnej ekonomiky, ktorá práve vďaka usporiadaniu zažíva mnohokrát doslova boom. Sú hry ako také ziskové? Dopad olympijských hier na podporu turizmu, obchodu, lokálnu ekonomiku, ubytovanie a infraštruktúru. | ||
| 610 | 2 | 0 | |a ekonomika |
| 610 | 2 | 0 | |a miesta pracovné |
| 610 | 2 | 0 | |a infraštruktúra |
| 610 | 2 | 0 | |a marketing |
| 610 | 2 | 0 | |a obchod |
| 610 | 2 | 0 | |a ruch cestovný |
| 610 | 2 | 0 | |a šport |
| 610 | 2 | 0 | |a hry |
| 610 | 2 | 0 | |a hry olympijské |
| 610 | 2 | 0 | |a súťaže |
| 100 | 1 | |a Sobková, Martina | |